Spanish to English Translations #1 - Statistics

General Stats
  • This quiz has been taken 152 times
  • The average score is 8 of 15
Answer Stats
Spanish English % Correct
leche milk
91%
la vaca cow
71%
fumar to smoke
66%
la verdad truth
65%
el cielo sky
63%
quinientos treinta y nueve 539
60%
Países Bajos Netherlands
50%
llover to rain
46%
las tarjetas cards
44%
aquellos those
43%
la verdura vegetable
40%
sonreír to smile
37%
la tierra land
36%
Marruecos Morocco
36%
la magdalena cupcake
10%
No matching quizzes found
Score Distribution
Percent of People with Each Score
Percentile by Number Answered
Your Score History
You have not taken this quiz